• 首页
  • 本馆介绍
  • 公告通知
  • 最新文献
  • 馆藏检索
  • 电子资源
  • 读者导购
  • 参考咨询
  • 我的图书馆
  • 登录
  • 详细信息显示
  • 放入我的书架
  • 预约/预借图书
  • 作者相关作品
  • 分类相关作品
  • 丛书相关作品
  • 出版社相关作品

书目信息

  • 表格格式
  • 工作单格式
  • 卡片格式
题名:
初一代数学习指导
    
 
作者: ;北京市西城区教研中心数学教研室 编
分册:  
出版信息: 北京   北京师范大学出版社  1988.06
页数: 275页
开本: 19cm
丛书名: 中学生学习指导丛书
单 册:
中图分类: G633.62
科图分类:
主题词: 中学--代数课
电子资源:
ISBN: 7-303-00325-8
000 00687nam2 2200205 45
001 0307011625
005 20060522170956.21
010    @a7-303-00325-8@dCNY1.95
100    @a20030701d1988 km y0chiy0120 ea
101 0  @achi
200 1  @a初一代数学习指导@AChu Yi Dai Shu Xue Xi Zhi Dao@f北京市西城区教研中心数学教研室编@FBei Jing Shi XiCheng Qu Jiao Yan Zhong Xin Shu Xue Jiao Yan Shi Bian
210    @a北京@c北京师范大学出版社@d1988.06
215    @a275页@d19cm
225    @a中学生学习指导丛书
410    @12001 @a中学生学习指导丛书
606 0  @a中学@x代数课
690    @aG633.62@v3
711 02 @a北京市西城区教研中心数学教研室@4编
801    @aCN@bTSTC@c20060522
905    @dG633.62@e154:1
    
    初一代数学习指导/北京市西城区教研中心数学教研室编.-北京:北京师范大学出版社,1988.06
    275页;19cm.-(中学生学习指导丛书)
    
    
    ISBN 7-303-00325-8:CNY1.95
    
●
相关链接 在E读中查询图书 在五车中查询图书 在当当中查询图书 在豆瓣中查询图书


正题名:初一代数学习指导     索取号:G633.62/154:1         预约/预借

序号 登录号 条形码 馆藏地/架位号 状态 备注
1 0233110   000240652   密集书库/ [索取号:G633.62/154:1] 在馆    
2 0233111   001818698   密集书库/ [索取号:G633.62/154:1] 在馆    
3 0233112   000240750   密集书库/ [索取号:G633.62/154:1] 在馆    
4 0233113   001818689   密集书库/ [索取号:G633.62/154:1] 在馆    
5 0233114   001818670   密集书库/ [索取号:G633.62/154:1] 在馆    
6 0233115   202369560   密集书库/ [索取号:G633.62/154:1] 在馆    
7 0233116   000240769   密集书库/ [索取号:G633.62/154:1] 在馆    
8 0233117   000240698   密集书库/ [索取号:G633.62/154:1] 在馆    
9 0233118   000240705   密集书库/ [索取号:G633.62/154:1] 在馆    
10 0233119   000240563   密集书库/ [索取号:G633.62/154:1] 在馆    
11 0233121   000240741   密集书库/ [索取号:G633.62/154:1] 在馆    
12 0233122   000240536   密集书库/ [索取号:G633.62/154:1] 在馆    
13 0233123   000240545   密集书库/ [索取号:G633.62/154:1] 在馆    
14 0233124   202369445   密集书库/ [索取号:G633.62/154:1] 在馆    
15 0233125   202369481   密集书库/ [索取号:G633.62/154:1] 在馆    
16 0233126   000240714   密集书库/ [索取号:G633.62/154:1] 在馆    
17 0233127   001818634   密集书库/ [索取号:G633.62/154:1] 在馆    
18 0233128   001818643   密集书库/ [索取号:G633.62/154:1] 在馆    
19 0233129   000240554   第一样本阅览室/ [索取号:G633.62/154:1] 在馆    
20 0233130   000240661   密集书库/ [索取号:G633.62/154:1] 在馆    
21 0233131   000240732   密集书库/ [索取号:G633.62/154:1] 在馆    
22 0233132   000240723   密集书库/ [索取号:G633.62/154:1] 在馆    
23 0233133   202369524   密集书库/ [索取号:G633.62/154:1] 在馆    
24 0233134   001956887   密集书库/ [索取号:G633.62/154:1] 在馆    
25 0233135   001818661   密集书库/ [索取号:G633.62/154:1] 在馆    
26 0233137   001818652   密集书库/ [索取号:G633.62/154:1] 在馆    
27 0233139   202369105   密集书库/ [索取号:G633.62/154:1] 在馆    
唐山师范学院图书馆 欢迎您!
大连网信软件有限公司© 版权所有